Popol vuh : antiguas historias de los indios quiches de guatemala /
Guardado en:
| Formato: | Libro |
|---|---|
| Publicado: |
México :
Porrua,
1979
|
| Series: | Sepan Cuantos ; 36
|
| Materias: | |
| Etiquetas: |
Agregar Etiqueta
Sin Etiquetas, Sea el primero en etiquetar este registro!
|
| LEADER | 00652nam a22001935a 4500 | ||
|---|---|---|---|
| 001 | CEM.cems014970 | ||
| 005 | 20181023161244.0 | ||
| 008 | 130507s1979##################000#0#####d | ||
| 003 | CEMS | ||
| 020 | |a 9684323751 | ||
| 082 | 0 | 4 | |a 897.4 |
| 245 | 0 | 0 | |a Popol vuh : |b antiguas historias de los indios quiches de guatemala / |c Advertencia, Versión y Vocabulario Por Albertina Saravia. |
| 260 | |a México : |b Porrua, |c 1979 | ||
| 300 | |a 166 p. | ||
| 490 | 0 | |a Sepan Cuantos ; 36 | |
| 500 | |a Ilustrada con dibujos de los Códices Mayas | ||
| 653 | |a Literatura | ||
| 653 | |a Literatura guatemalteca | ||
| 859 | |a CEMS |b BIB. CEMS - 11 de abril |h 897.4 |i P814-2a13 |p 27670.18 |t Ej.1 | ||
